000 01158nam0a22002651 4500
001 rc\22020
005 20250620120613.0
035 _a(NLR Aleph) 005309141
090 _a6367996
_c6367996
100 _a20021204d1991 |||y0rusy50 ca
101 0 _arus
102 _aRU
105 _aa |||||||||
200 1 _aБиоэнергетика лося в раннем постнатальном онтогенезе
_eДокл. на заседании президиума Коми науч. центра УрО АН СССР 26 дек. 1991 г.
210 _aСыктывкар
_cКоми науч. центр УрО АН СССР
_d1991
215 _a11, [3] с.
_cил.
_d22
225 1 _aСерия препринтов "Научные доклады"
_fАН СССР. Урал. отд-ние. Коми науч. центр
_vВып. 276
300 _aНа обл. загл. сер.: Научные доклады
320 _aБиблиогр.: с. 13 (10 назв.)
700 1 _aМочалов
_bН.Н.
_gНиколай Николаевич
801 0 _aRU
_bNLR
_gpsbo
801 1 _aRU
_bELAR
_2rusmarc
852 _aNLR
_j92-6/321
942 _cBOOK
980 _aNB